00726nam a2200265Ia 4500008004100000041001200041082000800053082001100061100001900072100001700091100001700108100001100125245003500136250001200171260001200183260003000195260000900225300001500234365002500249650001400274650002200288942000700310999001900317952012400336150909s9999 xx 000 0 und d aEnglish a330 bTHO/GE aConkling E C  aThomas R S  aYeates M H  eAuthor aGeography of economic activity a2nd Ed. aNewYork bMc Graw Hill Book company c1962 a559 Pages aRs .186 .00  apolitical aSoil conservation cBK c248293d248293 00104070aKAUCOAbKAUCOAd2022-03-03g186.00l0o330 THO/GEpKAU-COA-628 r2015-09-16 00:00:00w2015-09-16yBK